000 00808pam a2200217 a 4500
001 4888359
005 20180215033348.0
008 930622s1993 njua b 001 0 eng
010 _a 93024422
020 _a1556421516
040 _aDLC
_cDLC
_dDLC
041 _aeng
080 _a016.6158.515 ann
082 0 0 _a016.6158.515 ann
_220
100 1 _a4
101 _abib
245 1 0 _aTheoretical basis of occupational therapy :
_cMary Ann McColl, Mary C. Law, Debra Stewart ; historical introductions by Penny E. Bryden.
906 _a7
_bcbc
_corignew
_d1
_eocip
_f19
_gy-gencatlg
942 _2ddc
_cBK
999 _c42570
_d42570